Fr. Conceicao Rodrigues College of Engineering

Object oriented programming in C++ (Record no. 19596)

MARC details
000 -LEADER
fixed length control field 00343nam a2200157Ia 4500
082 ## - DEWEY DECIMAL CLASSIFICATION NUMBER
Classification number 5.133
Item number THA
100 ## - MAIN ENTRY--PERSONAL NAME
Personal name Thampi/G.T/ Mantha/S.S
245 ## - TITLE STATEMENT
Title Object oriented programming in C++
260 ## - PUBLICATION, DISTRIBUTION, ETC.
Name of publisher, distributor, etc. Dreamtech Press
Date of publication, distribution, etc. 2010
366 ## - TRADE AVAILABILITY INFORMATION
Publishers's discount category 25
300 ## - PHYSICAL DESCRIPTION
Extent 726
546 ## - LANGUAGE NOTE
Language note ENGLISH
-- PAMPHALETS
650 ## - SUBJECT ADDED ENTRY--TOPICAL TERM
Topical term or geographic name entry element C++
942 ## - ADDED ENTRY ELEMENTS (KOHA)
Koha item type BOOK
Holdings
Withdrawn status Lost status Damaged status Not for loan Collection Home library Current library Date acquired Source of acquisition Cost, normal purchase price Inventory number Total Checkouts Full call number Barcode Date last seen Cost, replacement price Price effective from Koha item type
        CRC Fr. Agnel's C.Rodrigues College of Engineering Fr. Agnel's C.Rodrigues College of Engineering 17/03/2023 Professional Book House. 261.75 173 dt 08/11/2010   5.133 THA 21189 17/03/2023 349.00   BOOK
        CRC Fr. Agnel's C.Rodrigues College of Engineering Fr. Agnel's C.Rodrigues College of Engineering 17/03/2023 Professional Book House. 261.75 173 dt 08/11/2010   5.133 THA 21190 17/03/2023 349.00   BOOK
        CRC Fr. Agnel's C.Rodrigues College of Engineering Fr. Agnel's C.Rodrigues College of Engineering 17/03/2023 Professional Book House. 261.75 173 dt 08/11/2010   5.133 THA 21191 17/03/2023 349.00   BOOK
        CRC Fr. Agnel's C.Rodrigues College of Engineering Fr. Agnel's C.Rodrigues College of Engineering 17/03/2023 Professional Book House. 261.75 173 dt 08/11/2010   5.133 THA 21192 17/03/2023 349.00   BOOK
        CRC Fr. Agnel's C.Rodrigues College of Engineering Fr. Agnel's C.Rodrigues College of Engineering 17/03/2023 Professional Book House. 261.75 173 dt 08/11/2010   5.133 THA 21193 17/03/2023 349.00   BOOK